Control total de la calidad / (Registro nro. 6188)
[ vista simple ]
| 000 -LEADER | |
|---|---|
| fixed length control field | 01568nam a2200301Ia 4500 |
| 003 - CONTROL NUMBER IDENTIFIER | |
| control field | OSt |
| 005 - DATE AND TIME OF LATEST TRANSACTION | |
| control field | 20210104180224.0 |
| 008 - FIXED-LENGTH DATA ELEMENTS--GENERAL INFORMATION | |
| fixed length control field | 191128s1986 mx ad gr 000 0 spa d |
| 020 ## - INTERNATIONAL STANDARD BOOK NUMBER | |
| International Standard Book Number | 9682606306 |
| 040 ## - CATALOGING SOURCE | |
| Original cataloging agency | CO-JMCR |
| Transcribing agency | CO-JMCR |
| 041 1# - LANGUAGE CODE | |
| Language code of text/sound track or separate title | spa |
| Language code of original | eng |
| 082 04 - DEWEY DECIMAL CLASSIFICATION NUMBER | |
| Classification number | 658.56 / |
| Item number | F233c |
| Edition number | 23 |
| 100 1# - MAIN ENTRY--PERSONAL NAME | |
| Personal name | Feigenbaum, Armand. V., |
| Relator term | autor |
| 9 (RLIN) | 12632 |
| 245 10 - TITLE STATEMENT | |
| Title | Control total de la calidad / |
| Statement of responsibility, etc. | Armand. V. Feigenbaum ; traducción Ma. Ascension Gpe de la Campa Perez Sevilla |
| 250 ## - EDITION STATEMENT | |
| Edition statement | Segunda edición |
| 260 ## - PUBLICATION, DISTRIBUTION, ETC. | |
| Place of publication, distribution, etc. | México : |
| Name of publisher, distributor, etc. | Compañía Editorial Continental, |
| Date of publication, distribution, etc. | 1986 |
| 300 ## - PHYSICAL DESCRIPTION | |
| Extent | 871 páginas ; |
| Other physical details | gráficos a blanco y negro : |
| Dimensions | 23 cm. |
| 500 ## - GENERAL NOTE | |
| General note | Incluye notas a pie de página al final de cada capítulo. |
| 505 0# - FORMATTED CONTENTS NOTE | |
| Formatted contents note | Administración de la calidad en los negocios -- El sistema de calidad total -- Estrategias administrativas para la calidad -- Tecnología de ingeniería de la calidad -- Tecnología estadística de la calidad -- Aplicaciones del control total de la calidad en |
| 520 3# - SUMMARY, ETC. | |
| Summary, etc. | Esta nueva edición de control total de la calidad permanece como el trabajo práctico preeminente de cómo diseñar, mantener y controlar programas de calidad efectivos. Buena calidad significa alta productividad, y juntos llevan a utilidades aumentadas. |
| 534 ## - ORIGINAL VERSION NOTE | |
| Introductory phrase | Total quality control |
| 546 ## - LANGUAGE NOTE | |
| Language note | Traducido del inglés |
| 650 14 - SUBJECT ADDED ENTRY--TOPICAL TERM | |
| Topical term or geographic name entry element | Control de calidad |
| 9 (RLIN) | 11331 |
| 650 14 - SUBJECT ADDED ENTRY--TOPICAL TERM | |
| Topical term or geographic name entry element | Calidad total |
| 9 (RLIN) | 12633 |
| 650 14 - SUBJECT ADDED ENTRY--TOPICAL TERM | |
| Topical term or geographic name entry element | Administración de la calidad |
| 9 (RLIN) | 12634 |
| 700 1# - ADDED ENTRY--PERSONAL NAME | |
| Personal name | Campa Pérez Sevilla, Ma. Ascensión Gpe de la, |
| Relator term | traductora |
| 9 (RLIN) | 12635 |
| 942 ## - ADDED ENTRY ELEMENTS (KOHA) | |
| Source of classification or shelving scheme | Dewey Decimal Classification |
| Koha item type | Books |
| Withdrawn status | Lost status | Source of classification or shelving scheme | Damaged status | Not for loan | Collection code | Home library | Current library | Date acquired | Source of acquisition | Full call number | Barcode | Date last seen | Copy number | Koha item type |
|---|---|---|---|---|---|---|---|---|---|---|---|---|---|---|
| Dewey Decimal Classification | Non-fiction | Biblioteca Pública José María del Castillo y Rada | Biblioteca Pública José María del Castillo y Rada | 04/15/2018 | Donación | 658.56 / F233c | 430012138 | 05/16/2024 | Ej.1 | Books |